• 首页
  • 本馆介绍
  • 公告通知
  • 最新文献
  • 馆藏检索
  • 电子资源
  • 读者导购
  • 参考咨询
  • 我的图书馆
  • 登录
  • 详细信息显示
  • 放入我的书架
  • 预约/预借图书
  • 作者相关作品
  • 分类相关作品
  • 丛书相关作品
  • 出版社相关作品

书目信息

  • 表格格式
  • 工作单格式
  • 卡片格式
题名:
国际环境外交
    
 
作者: 夏堃堡 著
分册:  
出版信息: 北京   中国环境出版社  2016.08
页数: 298页
开本: 26cm
丛书名:
单 册:
中图分类: X-11
科图分类:
主题词: 环境保护--国际合作--研究
电子资源:
ISBN: 978-7-5111-2842-3
000 00968nam0 2200229 450
001 93
005 20180921080552.12
010    @a978-7-5111-2842-3@dCNY52.00
100    @a20170215d2016 em y0chiy50 ea
101 0  @achi
102    @aCN@b110000
105    @aa z 000yy
200 1  @a国际环境外交@9guo ji huan jing wai jiao@dInternational environmental diplomacy@f夏堃堡著@zeng
210    @a北京@c中国环境出版社@d2016.08
215    @a298页@c图@d26cm
330    @a本书对国际环境外交的发展历程进行了梳理,对现存国际环境管理体制,包括多边机构、多边谈判、资金需求和来源、能力建设和技术转让、民间组织和工商界的参与,以及现存国际环境管理体制的问题和争论等做了剖析;对国际环境法的现状、立法原则和立法过程进行了讨论。书中还对中国环境外交历程进行了回顾。
510 1  @aInternational environmental diplomacy@zeng
606 0  @a环境保护@x国际合作@x研究
690    @aX-11@v5
701  0 @a夏堃堡@9xia kun bao@4著
801  0 @aCN@b91MARC@c20170215
905    @aMuseLib@dX-11@e228
    
    国际环境外交=International environmental diplomacy/夏堃堡著.-北京:中国环境出版社,2016.08
    298页:图;26cm
    
    
    ISBN 978-7-5111-2842-3:CNY52.00
    本书对国际环境外交的发展历程进行了梳理,对现存国际环境管理体制,包括多边机构、多边谈判、资金需求和来源、能力建设和技术转让、民间组织和工商界的参与,以及现存国际环境管理体制的问题和争论等做了剖析;对国际环境法的现状、立法原则和立法过程进行了讨论。书中还对中国环境外交历程进行了回顾。
●
相关链接 在E读中查询图书 在五车中查询图书 在当当中查询图书 在豆瓣中查询图书


正题名:国际环境外交     索取号:X-11/228         预约/预借

序号 登录号 条形码 馆藏地/架位号 状态 备注
1 1118204   211182049   第二样本阅览室/ [索取号:X-11/228] 在馆    
2 1118205   211182058   第三借阅区/ [索取号:X-11/228] 在馆    
3 1118206   211182067   第三借阅区/ [索取号:X-11/228] 在馆    
4 1118207   211182076   第三借阅区/ [索取号:X-11/228] 在馆    
5 1118208   211182085   第三借阅区/ [索取号:X-11/228] 在馆    
唐山师范学院图书馆 欢迎您!
大连网信软件有限公司© 版权所有